Normal view
MARC view
- Ali,Hashmat
Entry Personal Name
001 - CONTROL NUMBER
- control field: 963
003 - CONTROL NUMBER IDENTIFIER
- control field: OSt
005 - DATE AND TIME OF LATEST TRANSACTION
- control field: 20160716120302.0
008 - FIXED-LENGTH DATA ELEMENTS
- fixed length control field: 160716|| aca||aabn | a|a d
040 ## - CATALOGING SOURCE
- Original cataloging agency: OSt
- Transcribing agency: OSt
100 ## - HEADING--PERSONAL NAME
- Personal name: Ali,Hashmat
670 ## - SOURCE DATA FOUND
- Source citation: Work cat.: (OSt): Water Pollution and its Recent Challenges, 2012
